000 00574nam a22001817a 4500
005 20180508163648.0
010 _aENG-123006
020 _c299.00
_a9789386582195
035 _aEN-106538
037 _aDBAD/PUB.
082 _a305.486970954
100 _aMustafa, Seema
245 _aAzadi's daughter being a seculiar Muslim in India :
_cby Seema Mustafa
_bA Memoir /
260 _aNew Delhi
_bSpeaking Tiger
_c2017
270 _a4381/4, Ansari Road, Daryaganj
_bNew Delhi
_e110002
300 _a185p.
_b20cm(pbk)
942 _2ddc
_cEN
_h305.486970954
_mMUS
999 _c151940
_d151940